|
|
|
|
| LEADER |
00738nam a2200253 a 4500 |
| 001 |
adlib96000001 |
| 003 |
ViArRB |
| 005 |
20151026131010.0 |
| 008 |
960221s1955 dcuabcdjdbkoqu001 0deng d |
| 020 |
|
|
|
| 022 |
|
|
|
| 040 |
|
|
|a Adlib
|
| 082 |
|
|
|a 65.011.54
|
| 245 |
|
|
|a Computers in management
|
| 250 |
|
|
|
| 260 |
|
|
|a Bombay
|b McGraw-Hill
|c 1972
|
| 300 |
|
|
|a viii,198p.
|
| 500 |
|
|
|a with a glossary of common computer technology
|
| 100 |
|
|
|a Malhotra, Ashok
|
| 700 |
|
|
|
| 942 |
|
|
|c BK
|6 _
|
| 653 |
|
|
|a Advances in Computers
|a Computers
|a Computer security
|a Computer systems
|
| 999 |
|
|
|c 18208
|d 18208
|
| 952 |
|
|
|0 0
|1 0
|4 0
|6 6501154_MAL
|7 0
|9 29747
|a UL
|b UL
|d 2010-06-16
|l 1
|o 65.011.54 MAL
|p 00004869
|r 2013-12-02
|s 2013-11-26
|w 2010-06-16
|y BK
|